Statystyki dla Kadra Polski na Mistrzostwach Świata 2022

Kliknij tutaj aby rozwiązać quiz!

Ogólne statystyki

  • Ten quiz został rozwiązany 183 razy
    (153 od ostatniego zresetowania)
  • Średni wynik to 19 z 26

Statystyki odpowiedzi

PozycjaZawodnik% Poprawnych
BramkarzSzczęsny
100%
NapastnikLewandowski
97%
ObrońcaGlik
96%
NapastnikMilik
92%
PomocnikZieliński
89%
ObrońcaCash
88%
BramkarzSkorupski
88%
BramkarzGrabara
84%
PomocnikKrychowiak
84%
NapastnikPiątek
84%
NapastnikŚwiderski
82%
ObrońcaBednarek
81%
ObrońcaZalewski
79%
ObrońcaBereszyński
77%
PomocnikGrosicki
73%
PomocnikSzymański
73%
PomocnikSzymański
73%
ObrońcaKiwior
72%
ObrońcaJędrzejczyk
61%
PomocnikBielik
59%
PomocnikKamiński
58%
PomocnikFrankowski
54%
PomocnikSkóraś
50%
ObrońcaWieteska
36%
ObrońcaGumny
34%
PomocnikŻurkowski
33%

Rozkład punktacji

Percentyl według liczby udzielonych odpowiedzi

Procent ludzi z każdym wynikiem

Twoja historia wyników

Nie rozwiązałeś tego quizu od ostatniego zresetowania